European History by Letter I - Statistics

General Stats
  • This quiz has been taken 787 times
  • The average score is 7 of 10
Answer Stats
Hint Answer % Correct
"Terrible" Russian tsar Ivan the Terrible
97%
First name of the English physicist who discovered gravity Isaac
93%
Homer's famous epic poem about the Troyan War Iliad
90%
Barrier that separated the communist countries from the rest of Europe during the Cold War Iron Curtain
90%
Nickname of the first female prime minister of the UK Iron Lady
83%
Figure in Greek mythology, son of Daedalus Icarus
75%
Famous sentence John F. Kennedy said in Berlin on June 26, 1963 (in German) Ich bin ein Berliner
57%
Queen of Castile and Aragon, the first queen of Spain Isabela
50%
One of the major tribes in ancient Greece Ionians
27%
Founder of the Society of Jesus Ignatius of Loyola
23%
No matching quizzes found
Score Distribution
Percent of People with Each Score
Percentile by Number Answered
Your Score History
You have not taken this quiz